[Event "Biel HTO 56th"]
[Site "Biel"]
[Date "2023.07.25"]
[Round "8"]
[White "Matsumura, Cocoro"]
[Black "Ouellet, Maili Jade"]
[Result "1/2-1/2"]
[WhiteElo "2081"]
[BlackElo "2201"]
[PlyCount "192"]
[EventDate "2023.07.17"]
[EventType "swiss"]
[EventRounds "10"]
[EventCountry "SUI"]
[SourceTitle "CBM 215 Extra"]
[Source "ChessBase"]
[SourceDate "2023.09.30"]
[SourceVersion "1"]
[SourceVersionDate "2023.09.30"]
[SourceQuality "1"]

1. e4 c5 2. Nf3 d6 3. d4 cxd4 4. Nxd4 Nf6 5. Nc3 a6 6. Bg5 Nbd7 7. a3 h6 8. Be3 e6 9. Bc4 Ne5 10. Ba2 Qc7 11. Qe2 b5 12. 0-0-0 Be7 13. f4 Nc6 14. Nxc6 Qxc6 15. e5 dxe5 16. fxe5 Ne4 17. Nd5 Bb7 18. Qg4 exd5 19. Bxd5 Qxd5 20. Rxd5 Bxd5 21. Rd1 Bc6 22. Qxg7 Rf8 23. Qxh6 Rc8 24. e6 Bf6 25. Qh5 Rc7 26. Qf5 Rg8 27. Bb6 Rb7 28. exf7+ Kxf7 29. Bd8 Rg6 30. h4 Kg7 31. h5 Rh6 32. Kb1 Rf7 33. Qg4+ Kh7 34. Bxf6 Nxf6 35. Qf5+ Kg7 36. g4 Bd7 37. Qg5+ Kh7 38. Rd6 Rg7 39. Qf4 Rxg4 40. Rxd7+ Nxd7 41. Qxg4 Nf6 42. Qf5+ Kg7 43. Qf3 Nxh5 44. Qb7+ Kg8 45. Ka2 Ng7 46. Kb3 Ne8 47. c3 Kf8 48. Kb4 Re6 49. b3 Ng7 50. a4 bxa4 51. Kxa4 Nf5 52. b4 Ne7 53. c4 Ke8 54. c5 Kd8 55. Qf3 Kd7 56. Qh3 Nc8 57. Kb3 Ne7 58. Kc4 Nc6 59. Qf5 Ne7 60. Qg4 Nc6 61. Qh3 Ke7 62. Qh7+ Kf6 63. Qb7 Ne7 64. Qa8 Kf7 65. Kb3 Rf6 66. Ka4 Re6 67. Qb7 Ke8 68. Qf3 Rc6 69. Ka5 Kd7 70. Qf8 Rg6 71. Qa8 Rc6 72. Qb7+ Kd8 73. Ka4 Rg6 74. Qf3 Rc6 75. Kb3 Rg6 76. Kc4 Rc6 77. Qh3 Rg6 78. b5 axb5+ 79. Kxb5 Ke8 80. Qh5 Kd7 81. Qe5 Kd8 82. Qb8+ Kd7 83. Qa8 Rf6 84. Kc4 Rg6 85. Kd4 Rc6 86. Qa4 Kd8 87. Qc4 Rg6 88. Ke5 Nc6+ 89. Kf5 Ne7+ 90. Kf4 Rc6 91. Ke5 Ng6+ 92. Ke4 Ne7 93. Qb5 Rg6 94. Qb8+ Kd7 95. Qd6+ Rxd6 96. cxd6 Kxd6 1/2-1/2

[Event "Biel HTO 56th"]
[Site "Biel"]
[Date "2023.07.23"]
[Round "6"]
[White "Ouellet, Maili Jade"]
[Black "Sutter, Oliver"]
[Result "1/2-1/2"]
[WhiteElo "2201"]
[BlackElo "2313"]
[PlyCount "73"]
[EventDate "2023.07.17"]
[EventType "swiss"]
[EventRounds "10"]
[EventCountry "SUI"]
[SourceTitle "CBM 215 Extra"]
[Source "ChessBase"]
[SourceDate "2023.09.30"]
[SourceVersion "1"]
[SourceVersionDate "2023.09.30"]
[SourceQuality "1"]

1. e4 c5 2. Nf3 Nc6 3. c3 Nf6 4. e5 Nd5 5. d4 cxd4 6. Bc4 Nb6 7. Bb3 d5 8. exd6 Qxd6 9. Na3 Be6 10. Nb5 Qd7 11. Bf4 Rc8 12. 0-0 Bxb3 13. axb3 a6 14. Nbxd4 Nxd4 15. Nxd4 Nd5 16. Be5 f6 17. Bg3 e5 18. Re1 Kf7 19. Nf3 Nb6 20. Qc2 Bd6 21. Rad1 Qe7 22. Nh4 g6 23. f4 Nd7 24. Nf3 Rhe8 25. Qd2 Rc6 26. fxe5 Nxe5 27. Nxe5+ Bxe5 28. Bxe5 fxe5 29. Re4 Kg7 30. b4 Rf6 31. h3 Qc7 32. Qd7+ Qxd7 33. Rxd7+ Rf7 34. Rxf7+ Kxf7 35. Kf2 Ke6 36. Rc4 Kd6 37. Ke2 1/2-1/2

[Event "Francophonie-ch 9th"]
[Site "Yamoussoukro"]
[Date "2023.07.08"]
[Round "6"]
[White "Ouellet, Maili Jade"]
[Black "De Gondo, Simplice Armel"]
[Result "0-1"]
[WhiteElo "2201"]
[BlackElo "2035"]
[PlyCount "246"]
[EventDate "2023.07.02"]
[EventType "swiss"]
[EventRounds "9"]
[EventCountry "IVO"]
[SourceTitle "CBM 215 Extra"]
[Source "ChessBase"]
[SourceDate "2023.09.30"]
[SourceVersion "1"]
[SourceVersionDate "2023.09.30"]
[SourceQuality "1"]

1. d4 Nf6 2. c4 e6 3. Nc3 Bb4 4. f3 Bxc3+ 5. bxc3 d6 6. e4 Nbd7 7. Bd3 e5 8. Ne2 0-0 9. 0-0 Re8 10. Ng3 c5 11. d5 h6 12. a4 Nf8 13. Be3 Ng6 14. Qd2 Nh7 15. f4 exf4 16. Bxf4 Nxf4 17. Rxf4 Qg5 18. Raf1 Nf6 19. Qe1 Ng4 20. h3 Ne5 21. Be2 Bd7 22. Qf2 Rf8 23. Kh1 Rae8 24. a5 Kh8 25. Kh2 Kg8 26. Nh5 Kh8 27. g4 Bc8 28. Qg3 Qd8 29. R4f2 f6 30. Qe3 Kh7 31. Kg1 Rf7 32. Rg2 Ref8 33. h4 g6 34. Nf4 Qxa5 35. Qg3 Qd8 36. Rh2 Kg7 37. Rhf2 Qe7 38. Ng2 g5 39. h5 Qd7 40. Ne3 Qa4 41. Rc1 Qa3 42. Rff1 a6 43. Rb1 Qa5 44. Ra1 Qd8 45. Rfb1 Qc7 46. Ra2 Kh7 47. Rab2 Qd8 48. Rb6 Qc7 49. Bd1 Rd8 50. Be2 Qd7 51. Bd1 Qc7 52. Be2 Qe7 53. R6b3 Qe8 54. Qf2 Kg7 55. R3b2 Qa4 56. Rb6 Qe8 57. Rf1 Qe7 58. Rb2 Qc7 59. Rfb1 Qa5 60. Rb3 Qa4 61. Bd1 Qe8 62. Be2 Qa4 63. R3b2 Qe8 64. Rb3 Re7 65. R3b2 Nf7 66. Rf1 Ne5 67. Qxf6+ Kh7 68. Qf2 Rf7 69. Qg2 Rf4 70. Rxf4 gxf4 71. Nf1 Qg8 72. Nh2 Qg7 73. Kf2 Rf8 74. Rb6 Rf6 75. Ke1 Kg8 76. Kd1 Kf8 77. Kc2 Ke8 78. Rb1 Kd8 79. Rf1 Kc7 80. Kb3 Bd7 81. Rg1 Rf7 82. Bf3 b5 83. cxb5 c4+ 84. Kc2 Bxb5 85. Qf2 Kb7 86. Qh4 Qg5 87. Qxg5 hxg5 88. Rf1 Kb6 89. Kd2 Kc5 90. Be2 Ra7 91. Nf3 Nxf3+ 92. Bxf3 a5 93. Kc1 a4 94. Kb2 a3+ 95. Ka2 Ba4 96. Bd1 Bb3+ 97. Ka1 Re7 98. Bf3 Bc2 99. Rc1 Bd3 100. Ka2 Rb7 101. Rh1 Rb2+ 102. Kxa3 Rb3+ 103. Ka2 Rxc3 104. h6 Kb4 105. Kb2 Ra3 106. Rb1 Bxb1 107. h7 Ra8 108. Kxb1 Rh8 109. e5 Rxh7 110. e6 Kc3 111. Be4 Rb7+ 112. Kc1 Kd4 113. Bg2 Ke3 114. Kc2 f3 115. Bf1 Kd4 116. Kd2 c3+ 117. Kc2 Kxd5 118. Kxc3 Kxe6 119. Kd2 Ke5 120. Ke3 Rb3+ 121. Kf2 Kf4 122. Bc4 Rb2+ 123. Kf1 Kxg4 0-1

[Event "Francophonie-ch 9th"]
[Site "Yamoussoukro"]
[Date "2023.07.03"]
[Round "2"]
[White "Ouellet, Maili Jade"]
[Black "Lameti, Mohamed"]
[Result "1-0"]
[WhiteElo "2201"]
[BlackElo "1835"]
[PlyCount "140"]
[EventDate "2023.07.02"]
[EventType "swiss"]
[EventRounds "9"]
[EventCountry "IVO"]
[SourceTitle "CBM 215 Extra"]
[Source "ChessBase"]
[SourceDate "2023.09.30"]
[SourceVersion "1"]
[SourceVersionDate "2023.09.30"]
[SourceQuality "1"]

1. d4 Nf6 2. c4 g6 3. Nc3 Bg7 4. e4 d6 5. f3 0-0 6. Be3 e5 7. d5 c6 8. Qd2 cxd5 9. cxd5 a6 10. Nge2 Nbd7 11. g4 h5 12. h3 b5 13. b4 Nb6 14. Nc1 Bd7 15. Nb3 Rc8 16. Na5 Nc4 17. Bxc4 bxc4 18. Rc1 Qc7 19. Nd1 Bb5 20. Rc3 Nh7 21. gxh5 Qe7 22. hxg6 fxg6 23. Qg2 Qf7 24. Bd2 Bf6 25. h4 Kh8 26. Nb2 Rg8 27. Naxc4 Bxc4 28. Rxc4 Rxc4 29. Nxc4 Qe7 30. Qg4 Qc7 31. Ne3 a5 32. bxa5 Qb7 33. Nd1 Qa6 34. h5 g5 35. Qd7 Qd3 36. Qg4 Rb8 37. h6 Rg8 38. Rh2 Qd4 39. Be3 Qb4+ 40. Kf1 Qc4+ 41. Re2 Rf8 42. Kf2 Bd8 43. Qd7 Bf6 44. Qc6 Qb4 45. Rb2 Qa3 46. Qd7 g4 47. Qxg4 Rg8 48. Qh3 Qd3 49. Rd2 Qa3 50. Ke2 Qxa5 51. Nf2 Qb5+ 52. Nd3 Qb1 53. Rb2 Qa1 54. Qf1 Qxf1+ 55. Kxf1 Ng5 56. Ke2 Nh3 57. Ne1 Ra8 58. Nc2 Nf4+ 59. Kd2 Rg8 60. a4 Rg2+ 61. Kc3 Ne2+ 62. Kb3 Rg8 63. a5 Nd4+ 64. Bxd4 exd4 65. Nb4 Rb8 66. Kc4 Rc8+ 67. Nc6 d3 68. Rd2 Bd8 69. Kb5 Bg5 70. Rxd3 Rb8+ 1-0